00433cam a2200133 a 4500020001500000082003100015100001900046245006500065260006700130300002900197526003700226650002800263650000800291 a087262766700a624.1762bSELcL-39, P-1861 aHousner, G. W.10aSelected earthquake engineering papers of George W. Housner. aNew York, N.Y. :bAmerican Society of Civil Engineers,cc1990. a783 p. :bill. ;c23 cm. a0b0c0d624_176200000000000_SEL 0aEarthquake engineering. 0aMCE